Metal Band Lead Singers - Statistics

General Stats
  • This quiz has been taken 239 times
    238 since last reset
  • The average score is 12 of 24
Answer Stats
Band Lead Singer % Correct
Metallica James Hetfield
92%
Black Sabbath Ozzy Osbourne
89%
Linkin Park Chester Bennington
81%
Slipknot Corey Taylor
76%
Megadeth Dave Mustaine
72%
Limp Bizkit Fred Durst
68%
Iron Maiden Bruce Dickinson
66%
System of a Down Serj Tankian
66%
Judas Priest Rob Halford
59%
Pantera Phil Anselmo
56%
Black Sabbath Ronnie James Dio
56%
Korn Jonathan Davis
53%
Cannibal Corpse George Fisher
43%
Tool Maynard Keenan
37%
Rage Against the Machine Zack de la Rocha
35%
Death Chuck Schuldiner
34%
Bring Me the Horizon Oli Sykes
34%
Mayhem Dead
33%
Disturbed David Draiman
32%
Avenged Sevenfold M. Shadows
32%
Burzum Varg Vikernes
32%
Faith No More Mike Patton
21%
Opeth Mikael Åkerfeldt
17%
Strapping Young Lad Devin Townsend
16%
No matching quizzes found
Score Distribution
Percent of People with Each Score
Percentile by Number Answered
Your Score History
You have not taken this quiz since the last reset